5 Scenes, 1 Actor II Quiz Stats

Quiz Updated Jun 18, 2016

Also try: 5 Scenes, 1 Actor
Challenge
Share
Tweet
Score 0/22 Timer 07:00
0 Plays Today
% Correct
Liam Neeson
88.4%
Ben Stiller
86.4%
Emma Stone
85.9%
Angelina Jolie
85.4%
Sylvester Stallone
84.6%
Kate Winslet
79.7%
Anne Hathaway
79.6%
Robin Williams
77.9%
Hugh Jackman
77.6%
Matt Damon
76.5%
Adam Sandler
71.8%
% Correct
Christopher Walken
70.4%
Harrison Ford
70.3%
Scarlett Johansson
69.6%
Ben Affleck
62.1%
Jeff Bridges
58.3%
Tom Hardy
54.1%
Bradley Cooper
49.6%
Julianne Moore
40.8%
Simon Pegg
39.8%
Anna Faris
27.8%
Colin Firth
20.3%

You're not logged in!

Compare scores with friends on all Sporcle quizzes.
Join for Free
OR
Log In

You Might Also Like...

Show Comments

Extras

Top Quizzes Today


Score Distribution

Your Account Isn't Verified!

In order to create a playlist on Sporcle, you need to verify the email address you used during registration. Go to your Sporcle Settings to finish the process.

Report this User

Report this user for behavior that violates our Community Guidelines.

Details: